00698cam a22002297a 4500003000500000005001700005008004100022010001000063011001000073020001600083035001000099040000900109082001500118100002500133245011400158260006800272300001100340650004000351650004200391700001600433700001900449CHAP20220329142233.0000314d1996 it r 00010 eng d a80343 a81315 a92.90432705 a91783 cCHAP04a581.15bV300aVan der Heide, W. M.10aLocal crop development :ban annotated bibliographyc/comp. by W. M. Van der Haide, R. Tripp and W.S. de Boef aRome :bInternational Plant Genetic Resources Institute,c1996. a153 p.14aGenética vegetalxBibliografía.14aRecursos genéticosxBibliografía.0 aBoef, W. S.0 aTripp, Robert.